000 00414nam a2200157Ia 4500
008 231217s9999 xx 000 0 und d
041 _aEnglish
082 _a615.9 ARO;1 R
100 _aArora, Dinesh comp. and ed
245 0 _aBiotech's dictionary of toxicology
250 _a1st ed.
260 _c2004
_bBiotech Books
_aDelhi
300 _a344
650 _aBiotech's,dictionary,toxicology
942 _cAA
999 _c173447
_d173447